[Event "Panchenko Memorial-A 2021"]
[Site "Chelyabinsk"]
[Date "2021.09.19"]
[Round "7.2"]
[White "Pridorozhni, Aleksei"]
[Black "Afanasiev, Nikita"]
[Result "1/2-1/2"]
[WhiteElo "2550"]
[BlackElo "2548"]
[Annotator "TA"]
[PlyCount "117"]
[EventDate "2021.09.13"]
[EventType "swiss"]
[EventCountry "RUS"]
[SourceTitle "playchess.com"]
[Source "ChessBase"]
[SourceQuality "1"]

{[%evp 9,117,20,13,14,20,10,21,8,15,24,29,25,32,14,27,34,50,7,13,12,16,22,29,29,29,19,25,21,32,32,31,22,29,30,36,33,35,27,33,23,26,29,25,28,24,12,15,10,33,14,15,10,10,10,27,10,10,0,7,0,0,0,0,0,0,0,0,0,0,0,8,8,8,14,15,20,119,114,98,8,8,8,8,8,22,0,0,0,0,0,0,0,8,0,0,0,0,0,8,0,59,8,8,8,8,8,8,8,8,0]} 1. e4 e5 2. Nf3 Nc6 3. Bb5 Nf6 4. d3 Bc5 5. Bxc6 dxc6 6. O-O {C65: Ruy Lopez: Berlin Defence (3...Nf6), unusual lines and 4 0-0 Bc5.} Nd7 7. c3 $1 {[%mdl 4] now scores much better than the old 7.Nbd2.} O-O 8. d4 exd4 9. cxd4 Be7 10. Nc3 Nb6 11. h3 {[#]} Be6 $146 ({Predecessor:} 11... f5 12. Qb3+ Kh8 13. Ne5 Qe8 14. Re1 fxe4 15. Nxe4 Nd5 16. Bg5 Bb4 17. Nc3 Be6 {½-½ (50) So,W (2767)-Nakamura,H (2745) Chess.com INT 2020}) 12. Re1 Qd7 13. d5 cxd5 14. exd5 Bf5 ({Don't play} 14... Nxd5 $6 15. Nxd5 Bxd5 16. Rxe7 $1 $16) 15. Ne5 Qd8 16. Qf3 Bg6 17. d6 Bxd6 18. Qxb7 Qc8 19. Qxc8 Rfxc8 20. Nxg6 hxg6 21. Be3 Nc4 22. b3 Nxe3 23. Rxe3 Bc5 24. Re2 Re8 25. Rae1 Rxe2 26. Rxe2 $11 {[%mdl 4096] Endgame KRB-KRN} Rd8 27. Rc2 Bb6 28. Kf1 Kf8 29. Ke2 g5 30. Ne4 Rd5 31. f3 Ke7 32. Rc4 f6 33. a4 Re5 34. g4 Kd7 35. b4 a5 36. bxa5 Rxa5 37. Ng3 Ra8 38. Nh5 Rh8 39. Kd3 Ke7 {White must now prevent ...g6.} 40. Nxg7 Rxh3 41. Ke4 Rh1 42. Nh5 Re1+ {[#]} (42... Kf7 $11) 43. Kf5 $1 $16 Rf1 44. Kg6 (44. f4 $16) 44... Rxf3 $11 45. Re4+ Kd6 46. Nxf6 c6 47. Re1 Rf4 48. Kxg5 Rxa4 49. Kf5 Ra5+ 50. Kg6 Re5 51. Rd1+ Ke7 52. Nd7 Re6+ 53. Kf5 Be3 54. g5 {Threatens to win with Nf6.} Bxg5 55. Kxg5 (55. Nb6 $1 $14 Kf7 56. Kxg5) 55... Rd6 {The position is equal.} 56. Rxd6 Kxd6 57. Nf6 c5 58. Ne4+ Kd5 59. Nxc5 {Weighted Error Value: White=0.09/Black=0.09} 1/2-1/2

[Event "Panchenko Memorial-A 2021"]
[Site "Chelyabinsk"]
[Date "2021.09.19"]
[Round "7.3"]
[White "Fedorov, Alexei"]
[Black "Petrosyan, Manuel"]
[Result "1/2-1/2"]
[WhiteElo "2532"]
[BlackElo "2611"]
[Annotator "TA"]
[PlyCount "48"]
[EventDate "2021.09.13"]
[EventType "swiss"]
[EventCountry "RUS"]
[SourceTitle "playchess.com"]
[Source "ChessBase"]
[SourceQuality "1"]

{[%evp 10,48,11,10,10,13,12,14,14,9,9,9,17,7,14,0,22,0,22,0,0,0,0,0,0,0,0,0,0,0,0,0,0,0,0,0,29,28,40,40,40]} 1. e4 c6 2. d4 d5 3. e5 Bf5 4. Nd2 e6 5. Nb3 Nd7 6. Nf3 Be4 {B12: Caro-Kann: Advance Variation.} 7. Be2 c5 8. c3 {[#]} cxd4 $146 {The position is equal.} ({Predecessor:} 8... Rc8 9. O-O h6 10. Be3 a6 11. Nxc5 Nxc5 12. dxc5 Bxc5 13. Bxc5 Bxf3 14. Ba3 Bxe2 15. Qxe2 {½-½ (30) Godzwon,I (2347)-Bartel,M (2638) Krakow 2021}) 9. cxd4 Bb4+ 10. Bd2 Bxd2+ 11. Qxd2 Ne7 12. O-O h6 13. Ne1 Nc6 14. Bd3 Bxd3 15. Nxd3 O-O 16. f4 a5 {[%cal Ba7a5,Ba5a4][%mdl 32]} 17. Rac1 Qb6 18. Qe3 a4 19. Nbc5 Nxc5 20. Rxc5 Nb4 21. Nxb4 Qxb4 22. Qf2 a3 23. b3 Rac8 24. Rfc1 Rxc5 {Weighted Error Value: White=0.04/Black=0.05} 1/2-1/2

[Event "Panchenko Memorial-A 2021"]
[Site "Chelyabinsk"]
[Date "2021.09.19"]
[Round "7.4"]
[White "Aleksandrov, Aleksej"]
[Black "Kokarev, Dmitry"]
[Result "1/2-1/2"]
[WhiteElo "2525"]
[BlackElo "2584"]
[Annotator "TA"]
[PlyCount "19"]
[EventDate "2021.09.13"]
[EventType "swiss"]
[EventCountry "RUS"]
[SourceTitle "playchess.com"]
[Source "ChessBase"]
[SourceQuality "1"]

{[%evp 9,19,0,9,-3,-5,-6,-22,-7,13,-1,8,0]} 1. d4 Nf6 2. Nf3 g6 3. Nc3 d5 4. Bf4 Bg7 5. Qd2 c6 {The position is equal.} 6. Bh6 {D00: 1 d4 d5: Unusual lines.} O-O 7. Bxg7 Kxg7 8. e3 Bf5 9. Be2 {[#]} a5 $146 ({Predecessor:} 9... Nbd7 10. h4 h5 11. O-O-O Ng4 12. Rdf1 Qc7 13. Ng5 f6 14. Nh3 e5 15. f3 exd4 16. exd4 {1-0 (35) Holloway,T (1966)-Schum,P (1805) Osterode 2006}) 10. a4 {A rather calm draw.  Weighted Error Value: White=0.07/Black=0.06} 1/2-1/2

[Event "Panchenko Memorial-A 2021"]
[Site "Chelyabinsk"]
[Date "2021.09.19"]
[Round "7.5"]
[White "Petrov, Nikita"]
[Black "Nesterov, Arseniy"]
[Result "1/2-1/2"]
[WhiteElo "2555"]
[BlackElo "2483"]
[Annotator "TA"]
[PlyCount "41"]
[EventDate "2021.09.13"]
[EventType "swiss"]
[EventCountry "RUS"]
[SourceTitle "playchess.com"]
[Source "ChessBase"]
[SourceQuality "1"]

{[%evp 24,27,12,11,12,14]} 1. c4 c6 2. Nf3 d5 3. e3 Nf6 4. Nc3 e6 5. d4 Nbd7 6. Qc2 Bd6 7. Bd3 O-O 8. O-O e5 9. cxd5 cxd5 10. e4 exd4 11. Nxd5 Nxd5 12. exd5 h6 13. Nxd4 {13.b3 is not played anymore.} Nf6 {D46: Semi-Slav: 5 e3 Nbd7 6 Bd3, Black avoids the Meran.} 14. Nf5 {[#] A rather calm draw. Not enough moves} {Predecessor:} Bxf5 $146 15. Bxf5 Re8 16. g3 Qa5 17. Bd2 Qxd5 18. Rad1 Qc5 19. Be3 Qxc2 20. Bxc2 Be5 21. Rd2 {1-0 (58) Dubov,D (2677)-Fedoseev,V (2733) Sochi 2017} 1/2-1/2

[Event "Panchenko Memorial-A 2021"]
[Site "Chelyabinsk"]
[Date "2021.09.19"]
[Round "7.6"]
[White "Drygalov, Sergey"]
[Black "Sivuk, Vitaly"]
[Result "1/2-1/2"]
[WhiteElo "2500"]
[BlackElo "2552"]
[Annotator "TA"]
[PlyCount "61"]
[EventDate "2021.09.13"]
[EventType "swiss"]
[EventCountry "RUS"]
[SourceTitle "playchess.com"]
[Source "ChessBase"]
[SourceQuality "1"]

{[%evp 16,61,30,29,34,40,39,37,30,33,27,22,19,19,19,4,24,23,28,34,45,35,43,0,0,0,0,-10,0,-10,0,-2,0,0,0,0,0,-15,0,0,0,0,0,-2,0,0,0,0]} 1. d4 d5 2. c4 dxc4 3. Nf3 Nf6 4. e3 e6 5. Bxc4 c5 6. O-O a6 7. b3 cxd4 8. Nxd4 Be7 9. Bb2 O-O {D27: Queen's Gambit Accepted: Classical main line: 7 e4!? and 7 a4.} 10. Be2 b5 11. a4 bxa4 {White is slightly better.} 12. Rxa4 Bb7 13. Nd2 Nbd7 14. Bf3 Nd5 15. Nc4 Nc5 16. Ra1 a5 17. Qd2 {[%cal Rc4a5]} Nb4 {[#]} 18. Bxb7 $146 ({Predecessor:} 18. Nxa5 Bxf3 19. Nxf3 Qxd2 20. Nxd2 Rfd8 21. Ndc4 Bf6 22. Bxf6 gxf6 23. Rfd1 e5 24. f3 {1-0 (44) Volke,K (2460)-Meyer,H (2330) Germany 1992}) 18... Nxb7 19. Bc3 Nd6 {The position is equal.} 20. Nxd6 Qxd6 21. Nf3 Rfc8 22. Rfd1 (22. Rfc1 {seems wilder.} Qa6 23. Qd1 Qb5 24. h3 Qd3 25. Qd2) 22... Qxd2 (22... Qb6 {looks sharper.} 23. Rac1 Nd5 24. Qd4 Qxd4 25. Bxd4 f6) 23. Bxd2 Bf6 24. Ra4 Rcb8 25. g4 h6 26. Kg2 Nd5 27. Rxa5 Rxa5 28. Bxa5 Rxb3 29. Rc1 Bc3 30. Bxc3 Rxc3 31. Rxc3 {Weighted Error Value: White=0.04/Black=0.04} 1/2-1/2

[Event "Panchenko Memorial-A 2021"]
[Site "Chelyabinsk"]
[Date "2021.09.19"]
[Round "7.8"]
[White "Frolyanov, Dmitry"]
[Black "Savitskiy, Sergey"]
[Result "1/2-1/2"]
[WhiteElo "2533"]
[BlackElo "2431"]
[Annotator "TA"]
[PlyCount "45"]
[EventDate "2021.09.13"]
[EventType "swiss"]
[EventCountry "RUS"]
[SourceTitle "playchess.com"]
[Source "ChessBase"]
[SourceQuality "1"]

{[%evp 12,45,14,12,36,16,37,7,5,0,20,24,45,33,44,35,30,37,46,22,20,15,10,7,56,50,49,11,8,21,19,0,15,0,8,0]} 1. e4 c5 2. Nf3 d6 3. d4 cxd4 4. Nxd4 Nf6 5. Nc3 a6 6. h3 e5 7. Nde2 h5 {B90: Sicilian Najdorf: Unusual White 6th moves, 6 Be3 Ng4 and 6 Be3 e5.} 8. g3 Nbd7 9. Bg2 b5 10. Nd5 Bb7 11. Nec3 Be7 12. Nxe7 Qxe7 13. Bg5 Qe6 14. h4 O-O {[#]} 15. O-O $146 ({Predecessor:} 15. Bh3 Qc4 16. f3 b4 17. Qe2 Qc7 18. Nd1 d5 19. Ne3 dxe4 20. fxe4 Nxe4 21. Rg1 {½-½ (32) Mazur,S (2457)-Ftacnik,L (2521) Slovakia 2019}) 15... Rac8 16. Re1 b4 17. Nd5 Nxd5 (17... Bxd5 $5 18. exd5 Qf5 $11) 18. exd5 Qg6 19. Bf3 Nf6 {The position is equal.} ({Avoid the trap} 19... Rxc2 $2 20. Be4 $18) 20. Bxf6 Qxf6 21. Bxh5 Rc4 22. Re3 e4 23. c3 {Weighted Error Value: White=0.09/Black=0.09} 1/2-1/2

[Event "Panchenko Memorial-A 2021"]
[Site "Chelyabinsk"]
[Date "2021.09.19"]
[Round "7.9"]
[White "Balashov, Yuri S"]
[Black "Sargsyan, Shant"]
[Result "0-1"]
[WhiteElo "2455"]
[BlackElo "2642"]
[Annotator "TA"]
[PlyCount "83"]
[EventDate "2021.09.13"]
[EventType "swiss"]
[EventCountry "RUS"]
[SourceTitle "playchess.com"]
[Source "ChessBase"]
[SourceQuality "1"]

{[%evp 18,83,36,25,33,35,33,25,7,10,0,-69,-60,-60,-62,-81,-82,-87,-72,-58,-65,-79,-74,-103,-98,-143,-150,-180,-174,-189,-188,-197,-201,-325,-326,-351,-342,-365,-354,-357,-355,-355,-357,-332,-145,-141,-129,-238,-229,-285,-254,-247,-223,-262,-221,-665,-654,-689,-670,-648,-419,-5135,-772,-1676,-934,-29982,-29980,-5439]} 1. e4 c5 2. Nf3 d6 3. d4 cxd4 4. Nxd4 Nf6 5. Nc3 Nc6 6. Bg5 e6 7. Qd2 a6 8. O-O-O Bd7 9. f3 Be7 10. h4 h6 {B67: Sicilian: Richter-Rauzer: 7...a6 8 0-0-0 Bd7, lines without 9 f4 Be7.} 11. Be3 h5 12. Kb1 Ne5 {White has an edge.} 13. f4 Neg4 14. Bg1 (14. Be2 $11) 14... b5 $15 {[%cal Bb7b5,Bb5b4][%mdl 32]} 15. Bd3 Qc7 16. Re1 b4 {[#]} 17. Nd1 $146 ({Predecessor:} 17. Nce2 Rb8 18. c4 bxc3 19. Nxc3 e5 20. Nf5 Bxf5 21. exf5 O-O 22. Rh3 Rb4 23. a3 Rxf4 {0-1 (40) Mazur,S (2362)-Manik,M (2465) Brezova pod Bradlom 2009}) 17... Rb8 18. Ne3 a5 {[%cal Ba6a5,Ba5a4][%mdl 32]} 19. b3 a4 20. Nxg4 Nxg4 21. Bc4 O-O 22. Nf3 Bb5 23. Bxb5 Rxb5 {[%cal Bb8b5,Bb5a5,Ba5a2][%mdl 32]} 24. Bd4 e5 25. Bb2 (25. Ba1 $142) 25... Ra8 $19 26. Re2 Rba5 27. Rc1 {White hopes to continue with c3.} axb3 28. cxb3 Qb7 29. Rc4 Rxa2 30. Qxb4 Qa7 (30... Qa6 $19 {is more deadly. And now ...d5 would win.} 31. Qc3 Bf6) 31. Qc3 $17 Bf8 32. f5 (32. g3 $17) 32... Nf6 $19 33. Rd2 d5 34. exd5 e4 35. Ng5 e3 36. Re2 (36. Rdd4) 36... Nxd5 37. Qe5 Qb7 38. b4 Nxb4 39. Nxf7 {[#]} (39. Qc7 $142 Qd5 40. Qxf7+ Qxf7 41. Nxf7 Kxf7 42. Rxe3) 39... Qxf7 (39... Rxb2+ $142 $1 {[%mdl 512]} 40. Qxb2 Qxf7 {[%mdl 64] Double Attack}) 40. Rc7 {[#]} Nd3 $1 41. Qc3 (41. Rxf7 Nxe5) 41... Rxb2+ 42. Rxb2 {Weighted Error Value: White=0.77/Black=0.40} 0-1

[Event "Panchenko Memorial-A 2021"]
[Site "Chelyabinsk"]
[Date "2021.09.19"]
[Round "7.10"]
[White "Lazavik, Denis"]
[Black "Tiviakov, Sergei"]
[Result "1/2-1/2"]
[WhiteElo "2440"]
[BlackElo "2604"]
[Annotator "TA"]
[PlyCount "64"]
[EventDate "2021.09.13"]
[EventType "swiss"]
[EventCountry "RUS"]
[SourceTitle "playchess.com"]
[Source "ChessBase"]
[SourceQuality "1"]

{[%evp 14,64,28,14,28,31,29,31,51,30,37,22,22,22,39,39,43,42,50,25,19,25,32,9,30,8,34,27,18,37,25,15,34,35,34,24,34,0,6,2,23,14,14,14,23,27,20,10,32,13,22,8,25]} 1. d4 Nf6 2. Nf3 e6 3. g3 b6 4. Bg2 Bb7 5. O-O Be7 6. c4 O-O 7. Nc3 Na6 8. Bf4 Ne4 {E18: Queen's Indian: Old Main Line (4 g3 Bb7 5 Bg2 Be7 6 0-0 0-0 7 Nc3).} 9. Nxe4 Bxe4 10. Rc1 d6 {White is slightly better.} 11. Qa4 {[#]} Bb7 $146 ({Predecessor:} 11... Qc8 12. b4 c5 13. dxc5 dxc5 14. b5 Nc7 15. Rfd1 Bf6 16. Qb3 a6 17. a4 axb5 18. axb5 {1-0 (48) Korotylev,A (2620)-Gavrilov,A (2479) Moscow 2007}) 12. b4 Qe8 13. Qxe8 Raxe8 14. a3 Nb8 15. Rfd1 Rc8 16. Nd2 Bxg2 17. Kxg2 f5 {[#] ...g5 is the strong threat.} 18. Nb3 g5 19. Bd2 c5 20. dxc5 dxc5 21. bxc5 bxc5 22. e4 f4 23. gxf4 gxf4 24. Bc3 Nc6 25. Nd2 Kf7 26. Nf3 Rg8+ 27. Kf1 Rgd8 28. Ke2 Bf6 29. e5 Be7 30. Rxd8 Rxd8 31. Rg1 h5 32. Nd2 Rd7 {Weighted Error Value: White=0.08/Black=0.07} 1/2-1/2

[Event "Panchenko Memorial-A 2021"]
[Site "Chelyabinsk"]
[Date "2021.09.19"]
[Round "8.1"]
[White "Afanasiev, Nikita"]
[Black "Salemgareev, Tagir"]
[Result "1/2-1/2"]
[WhiteElo "2548"]
[BlackElo "2463"]
[Annotator "ChessBase"]
[PlyCount "63"]
[EventDate "2021.09.13"]
[EventType "swiss"]
[EventCountry "RUS"]
[SourceTitle "playchess.com"]
[Source "ChessBase"]
[SourceQuality "1"]
[TimeControl "5400+30"]

1. c4 {[%emt 0:10:22]} e6 {[%emt 0:01:04]} 2. Nf3 {[%emt 0:00:38]} Nf6 {[%emt 0:01:11]} 3. g3 {[%emt 0:00:41]} d5 {[%emt 0:00:16]} 4. Bg2 {[%emt 0:00:48]} d4 {[%emt 0:00:11]} 5. O-O {[%emt 0:00:19]} c5 {[%emt 0:00:15]} 6. e3 {[%emt 0:01:40]} Nc6 {[%emt 0:01:30]} 7. exd4 {[%emt 0:01:24]} cxd4 {[%emt 0:00:07]} 8. d3 {[%emt 0:00:17]} Bd6 {[%emt 0:00:23]} 9. Re1 {[%emt 0:01:10]} O-O {[%emt 0:00:14]} 10. Bg5 {[%emt 0:02:29]} h6 {[%emt 0:01:01]} 11. Bxf6 {[%emt 0:00:11]} Qxf6 {[%emt 0:00:05]} 12. Nbd2 {[%emt 0:00:13]} Qe7 {[%emt 0:08:05]} 13. a3 {[%emt 0:08:26]} a5 {[%emt 0:00:21]} 14. Nb3 {[%emt 0:05:32]} Rd8 {[%emt 0:04:23]} 15. Rc1 {[%emt 0:10:17]} Bc7 {[%emt 0:07:34]} 16. Nbd2 {[%emt 0:05:22]} e5 {[%emt 0:15:42]} 17. Nh4 {[%emt 0:16:11]} Be6 {[%emt 0:08:57]} 18. Be4 {[%emt 0:03:38]} g6 {[%emt 0:05:18]} 19. Nhf3 {[%emt 0:02:29]} Qf6 {[%emt 0:10:06]} 20. Qe2 {[%emt 0:05:23]} Bg4 {[%emt 0:04:32]} 21. Qf1 {[%emt 0:00:53]} Kg7 {[%emt 0:00:50]} 22. h3 {[%emt 0:01:40]} Bf5 {[%emt 0:03:49]} 23. Qg2 {[%emt 0:02:07]} Bxe4 {[%emt 0:00:40]} 24. Rxe4 {[%emt 0:05:09]} a4 {[%emt 0:01:28]} 25. h4 {[%emt 0:00:28]} Qe7 {[%emt 0:05:46]} 26. g4 {[%emt 0:04:05]} Kh7 {[%emt 0:01:22]} 27. g5 {[%emt 0:00:37]} f5 {[%emt 0:00:30]} 28. gxf6 {[%emt 0:02:01]} Qxf6 {[%emt 0:00:05]} 29. Rce1 {[%emt 0:00:45]} Rd7 {[%emt 0:01:45]} 30. Rg4 Rf8 {[%emt 0:00:32]} 31. Rg3 {[%emt 0:01:28]} Nd8 {[%emt 0:02:39]} 32. Ne4 {[%emt 0:00:46]} 1/2-1/2

[Event "Panchenko Memorial-A 2021"]
[Site "Chelyabinsk"]
[Date "2021.09.19"]
[Round "8.2"]
[White "Sargsyan, Shant"]
[Black "Pridorozhni, Aleksei"]
[Result "1/2-1/2"]
[WhiteElo "2642"]
[BlackElo "2550"]
[Annotator "TA"]
[PlyCount "92"]
[EventDate "2021.09.13"]
[EventType "swiss"]
[EventCountry "RUS"]
[SourceTitle "playchess.com"]
[Source "ChessBase"]
[SourceQuality "1"]

{[%evp 12,92,11,20,13,14,14,9,16,6,0,0,0,0,17,0,0,5,28,37,37,37,35,29,37,39,25,33,58,46,51,50,61,55,59,59,86,66,87,80,84,83,83,83,83,81,77,62,58,54,113,121,129,93,100,106,139,136,139,140,132,131,142,75,75,24,29,39,41,8,8,8,28,34,38,0,0,0,0,0,0,0,0]} 1. d4 d5 2. c4 e6 3. Nf3 Nf6 4. Nc3 Be7 5. Bf4 O-O 6. e3 Nbd7 7. Be2 dxc4 {D37: Queen's Gambit Declined: 5 Bf4.} 8. O-O a6 9. a4 c5 10. d5 exd5 11. Nxd5 Nxd5 12. Qxd5 Nf6 $1 {[%cal Rf6d5]} 13. Qxd8 Rxd8 14. Bc7 Re8 15. Bxc4 Be6 16. Bxe6 fxe6 17. a5 {[#]} Rac8 $146 ({Predecessor:} 17... Nd5 18. Be5 c4 19. Rfc1 Rac8 20. Nd2 Nb4 21. Rxc4 Nd3 22. Bc3 Bf6 23. Rb1 Rxc4 24. Nxc4 Bxc3 25. bxc3 {½-½ (68) Martirosyan,H (2622)-Nakamura,H (2736) Chess.com INT 2020}) 18. Be5 Red8 19. Rfc1 Nd5 20. Rc4 Nb4 21. Kf1 Nc6 22. Bc3 Rd5 23. Rg4 g6 24. h4 Rf8 25. Re4 Kf7 26. Ke2 h6 27. Nd2 Rfd8 28. Nc4 Bf6 29. Bxf6 Kxf6 30. g4 h5 (30... e5 $14) 31. Rg1 $16 hxg4 32. Rexg4 Rg8 33. Rg5 Ne7 34. Nb6 Rd6 35. Rxc5 Rgd8 36. Nc4 Rc6 {[#]} 37. Rxc6 (37. b4 $142 $1) 37... Nxc6 {[%mdl 4096] Endgame KRN-KRN} 38. f4 (38. b4 $16) 38... Rh8 $11 39. Rg4 Rh5 40. e4 e5 $1 41. Ke3 exf4+ $1 42. Kxf4 Rc5 $1 {[%cal Rc5c4]} 43. b3 {Strongly threatening e5+.} (43. e5+ $5 Kg7 44. b3 $11) 43... Rh5 {The position is equal.} 44. b4 Rb5 45. Rg5 {Black must now prevent Rxb5.} Rxb4 46. Ne5 Nxe5 {Weighted Error Value: White=0.07/Black=0.06} 1/2-1/2

[Event "Panchenko Memorial-A 2021"]
[Site "Chelyabinsk"]
[Date "2021.09.19"]
[Round "8.3"]
[White "Samusenko, Maksim"]
[Black "Petrosyan, Manuel"]
[Result "1-0"]
[WhiteElo "2460"]
[BlackElo "2611"]
[Annotator "TA"]
[PlyCount "131"]
[EventDate "2021.09.13"]
[EventType "swiss"]
[EventCountry "RUS"]
[SourceTitle "playchess.com"]
[Source "ChessBase"]
[SourceQuality "1"]

{[%evp 9,131,10,5,0,1,0,0,-16,59,67,77,36,78,16,87,0,11,0,11,0,0,0,0,0,0,-85,-41,-67,0,0,0,0,0,0,-6,0,0,0,0,-2,0,-14,-14,-14,-14,-28,-9,-9,-13,0,0,-35,0,0,0,0,0,0,0,-93,-80,-92,-78,-83,-63,-110,-40,-21,-48,-49,-8,-28,-23,-135,-112,-113,-102,-90,-74,-159,-137,-152,-150,-120,-53,-62,-71,-61,-64,-201,-27,-26,0,0,0,0,0,0,0,0,1,0,0,0,0,0,0,0,34,37,42,28,12839,12839,12841,12841,12841,12842,12842,12843,12843,12843,12843,12843]} 1. e4 c5 2. Nf3 e6 3. b3 a6 4. c4 Nc6 5. Bb2 Qc7 6. Bd3 {B40: Sicilian: 2...e6, Unusual lines.} Nge7 7. O-O Ng6 {[#]} 8. Bc2 $146 {The position is equal.} ({Predecessor:} 8. Nc3 Be7 9. Re1 Bf6 10. e5 Ngxe5 11. Nd5 Qd6 12. Nxe5 Bxe5 13. Bxe5 Nxe5 14. Bc2 {0-1 (23) Rahal,M (2260)-Pares Vives,J (2345) Barcelona 1992}) 8... Bd6 (8... b5 $11) 9. Bxg7 $14 Rg8 10. Bb2 b6 11. Nc3 (11. g3 $16) 11... Nge5 {[#]} (11... Bb7 $11) 12. Nxe5 (12. Nd5 $1 $16 exd5 13. exd5) 12... Bxe5 $11 13. Qh5 Bb7 14. f4 (14. Qxh7 $2 Rh8 $19) 14... Bd4+ 15. Kh1 O-O-O 16. Rae1 (16. Qxf7 $2 Nb4 $19) (16. Qxh7 $2 Rh8 $19) 16... f5 17. Re2 (17. Qxh7 $2 Rh8 $19) (17. exf5 $11 Bxc3 18. dxc3) 17... Nb4 18. Bb1 fxe4 (18... Rg4 $1 $15 19. g3 (19. exf5 $2 Rdg8 $19) 19... Qd6) 19. Bxe4 Bxe4 20. Rxe4 Nd3 21. Qf3 Nxb2 22. Rb1 Nxc4 23. bxc4 Qc6 24. Ne2 Bf6 25. Ng3 Rdf8 26. d3 Bd8 27. Ne2 Bc7 28. d4 Rf5 29. Rd1 Rgf8 30. d5 exd5 31. cxd5 Qd6 (31... Rxd5 $2 32. Rxd5 Qxd5 33. Re8+ $3 {[%mdl 512]} Rxe8 34. Qxd5 $18) 32. a4 h5 (32... Rxd5 $2 33. Rxd5 Qxd5 34. Re8+ $3 {[%mdl 512]} Rxe8 35. Qxd5 $18) 33. g3 Kb8 (33... Rxd5 $2 34. Rxd5 Qc6 35. Qxh5 $18) 34. Re3 (34. h4 $11 {remains equal.}) 34... h4 $1 $17 35. Kg2 hxg3 36. hxg3 Qg6 {And now ...Bxf4 would win.} 37. Kf2 Rh8 ({Black should try} 37... Bd6 $17 38. Rb3 Ka7) 38. Rh1 $15 Rxh1 39. Qxh1 Rf8 40. Qe4 Qh6 41. Qf3 (41. Qc4 $11 {keeps the balance.}) 41... Bd6 42. Re4 Rh8 43. Nc3 Kc7 44. Re1 (44. Re3 $142) 44... Qh2+ $17 45. Kf1 Qh3+ 46. Kf2 Qf5 (46... c4 $1 $17 {White must now prevent ...Bc5+.} 47. Re4 Bc5+ 48. Ke1 Qh2 49. d6+ Kb8) 47. Ne4 $15 Qxd5 48. Rd1 Qa2+ {[%mdl 64] Double Attack} 49. Kf1 ({White must play} 49. Kg1 $1 $15 Qh2+ 50. Kf1 Qh1+ 51. Kf2 Qh2+ 52. Qg2 Bxf4 53. gxf4 Qxf4+ 54. Kg1) 49... Rh6 $2 ({Black should play} 49... Qxa4 $19 50. Rxd6 (50. Nxd6 $2 Rh1+ 51. Kg2 Rxd1 $19) 50... Qa1+ 51. Rd1 Rh1+ $1 52. Qxh1 Qxd1+ 53. Kg2 Qxh1+ 54. Kxh1 d5) 50. Nc3 $11 Qc4+ 51. Kg2 Kb8 52. Ne4 Bc7 53. Rxd7 Qxa4 54. Re7 Re6 {[%mdl 64] Decoy} 55. Rxe6 $40 {[%mdl 128] White attacks.} Qa2+ {[%mdl 64] Double Attack} 56. Kg1 {Intending Re8+ and mate.} Qxe6 57. f5 Qf7 58. f6 Be5 59. Qf5 {[%mdl 1024] White has compensation.} Bd4+ 60. Kg2 Kc7 $2 {[%mdl 8192]} (60... c4 $11) 61. Qf4+ $18 {White is clearly winning.} Kc6 {[#]} 62. Qd6+ $1 Kb5 {[#]} 63. Qxd4 $1 {[%mdl 512]} cxd4 64. Nd6+ {[%mdl 64] Double Attack} Kb4 65. Nxf7 d3 66. Ne5 {Never resign too early!  Weighted Error Value: White=0.21/Black=0.18} 1-0

[Event "Panchenko Memorial-A 2021"]
[Site "Chelyabinsk"]
[Date "2021.09.19"]
[Round "8.4"]
[White "Kokarev, Dmitry"]
[Black "Drygalov, Sergey"]
[Result "1/2-1/2"]
[WhiteElo "2584"]
[BlackElo "2500"]
[Annotator "TA"]
[PlyCount "97"]
[EventDate "2021.09.13"]
[EventType "swiss"]
[EventCountry "RUS"]
[SourceTitle "playchess.com"]
[Source "ChessBase"]
[SourceQuality "1"]

{[%evp 9,97,0,0,0,0,0,0,0,0,0,7,8,-1,-1,9,0,25,16,12,18,27,32,27,29,38,26,44,33,37,27,36,34,32,32,35,21,21,20,22,14,25,19,36,0,0,0,0,0,8,2,17,0,38,12,30,14,14,17,29,18,60,53,66,65,58,57,52,61,64,44,44,44,113,93,85,0,0,0,0,0,0,0,0,0,0,0,0,0,0,0]} 1. e4 c5 2. Nf3 d6 3. d4 cxd4 4. Qxd4 Nf6 5. Bb5+ Bd7 6. c4 {B53: Sicilian: 2...d6: Lines with Qxd4.} g6 7. Nc3 Bg7 8. O-O O-O 9. Qd3 a6 10. Bxd7 Nbxd7 11. Be3 {[#]} Ng4 $146 ({Predecessor:} 11... Rc8 12. h3 Qc7 13. Rac1 Qxc4 14. Qb1 Qb4 15. Rfd1 Rfe8 16. a3 Qa5 17. Qa2 Ne5 18. Nxe5 Qxe5 {0-1 (42) Schaerer,J (2245)-Dragun,K (2586) Biel 2015}) 12. Bd2 Rc8 13. Qe2 Nge5 14. Nxe5 Nxe5 15. b3 e6 16. Rac1 Qe7 17. h3 Nd7 18. Rfd1 Rc6 19. Bf4 Be5 20. Qd2 Bxf4 21. Qxf4 Rfc8 22. Qe3 Qd8 23. Ne2 {[%cal Bc3e2,Be2d4,Bd4f3,Bf3e5][%mdl 32]} Qa5 24. Nd4 R6c7 25. Nf3 Qc5 26. Qxc5 Nxc5 27. Rxd6 Nxe4 28. Rd4 Nf6 29. Ne5 Nd5 30. Rcd1 Ne7 31. Rf4 Rf8 32. Kf1 Kg7 33. Rfd4 Rfc8 34. Rd7 f6 35. Rxc7 Rxc7 {[#]} 36. Rd7 $1 {[%cal Rd7c7]} Rxd7 37. Nxd7 $14 {[%mdl 4096] Endgame KN-KN} Nc6 38. Nc5 Nd8 39. b4 Kf7 40. Ke2 e5 (40... Ke7 $14) 41. Kd3 $16 Ke7 42. a4 (42. b5 $16) 42... f5 $11 {The position is equal.} 43. a5 Kd6 44. g3 Kc6 45. h4 Kd6 46. Kc3 Kc6 47. Nd3 e4 48. Nf4 Kd6 49. Nd5 {Weighted Error Value: White=0.06/Black=0.06} 1/2-1/2